01503nam a2200373Ia 4500001001200000003000800012006001900020007001500039008004100054010001700095020004000112020004300152020001800195040002100213035002100234050002400255082001400279245014600293260005800439300001400497490003500511504006400546533015200610650002900762650003100791650003700822655002900859700002500888700002000913710001700933830003600950856012600986999001701112ebr10575973CaPaEBRm u cr cn|||||||||060531s2007 nyu sb s001 0 eng d z 2006017858 z0791470458 (hardcover : alk. paper) z9780791470459 (hardcover : alk. paper) z9780791480281 aCaPaEBRcCaPaEBR a(OCoLC)14017232014aJZ1308b.G58 2007eb04a327.122200aGlobal liberalism and political orderh[electronic resource] :btoward a new grand compromise? /cedited by Steven Bernstein, Louis W. Pauly. aAlbany :bState University of New York Press,cc2007. ax, 231 p.1 aSUNY series in global politics aIncludes bibliographical references (p. 187-211) and index. aElectronic reproduction.bPalo Alto, Calif. :cebrary,d2013.nAvailable via World Wide Web.nAccess may be limited to ebrary affiliated libraries. 0aInternational relations. 0aLegitimacy of governments. 0aGlobalizationxEconomic aspects. 7aElectronic books.2local1 aBernstein, Steven F.1 aPauly, Louis W.2 aebrary, Inc. 0aSUNY series in global politics.40uhttp://site.ebrary.com/lib/rucke/Doc?id=10575973zAn electronic book accessible through the World Wide Web; click to view c87254d87254